Thành phố Hồ Chí Minh không chỉ chú trọng phát triển kinh tế mà còn rất mực chăm lo xây dựng, phát triển văn hóa, chăm lo xây dựng con người /

Gorde:
Xehetasun bibliografikoak
Egile nagusia: Nguyễn Văn Đua.
Formatua: Artikulua
Hizkuntza:Vietnamese
Gaiak:
Etiketak: Etiketa erantsi
Etiketarik gabe, Izan zaitez lehena erregistro honi etiketa jartzen!
Thư viện lưu trữ: Thư viện Trường Đại học Đà Lạt
LEADER 00957nam a2200265 4500
001 DLU180183039
005 ##20180112
040 # # |a DLU  |b vie 
041 # # |a vie 
044 # # |a vn 
100 # # |a Nguyễn Văn Đua. 
245 # # |a Thành phố Hồ Chí Minh không chỉ chú trọng phát triển kinh tế mà còn rất mực chăm lo xây dựng, phát triển văn hóa, chăm lo xây dựng con người /  |c Nguyễn Văn Đua. 
653 # # |a Chú trọng con người 
653 # # |a Phát triển kinh tế 
653 # # |a Tp. Hồ Chí Minh 
653 # # |a Xây dựng, phát triển văn hóa 
773 # # |t Tạp chí Lý luận, phê bình văn học, nghệ thuật  |g Số 16, 2013, tr. 7-11 
920 # # |a Phòng Tạp chí --Trung tâm Thông tin - Thư viện Trường Đại học Đà Lạt 
900 # # |a True 
911 # # |a Lê Thị Hồng 
925 # # |a G 
926 # # |a A 
927 # # |a BB 
980 # # |a Thư viện Trường Đại học Đà Lạt